| 000 | 01214cam a2200313 i 4500 | ||
|---|---|---|---|
| 001 | 67004 | ||
| 005 | 20191007081345.0 | ||
| 008 | 170324s2005 mx a r 000 0 spa d | ||
| 020 | _a9682325927 | ||
| 040 |
_aMX-PuUPA _bspa _erda _cMx-PuUPA _dMx-PuUPA |
||
| 041 |
_aspa _hfre |
||
| 082 | 0 |
_a370.152 _bMAN |
|
| 130 | 1 |
_aManuel de psychologie pour lenseignement. _lEspañol |
|
| 245 | 1 | 0 |
_aManual de psicología para la enseñanza / _cDaniel Gaonach y Caroline Golder, coordinadores ; traducción de Guadalupe Benítez y Glenn Gallardo. |
| 250 | _aPrimera edición | ||
| 264 | 1 |
_aMéxico, D.F. : _bSiglo xxi editores, _c2005 |
|
| 300 |
_a622 páginas : _bilustraciones ; _c27 cm. |
||
| 336 |
_atexto _2rdaconten |
||
| 337 |
_asin medio _2rdamedia |
||
| 338 |
_avolumen _2rdacarrier |
||
| 490 | 0 | _aEducación Profesión Profesor | |
| 650 | 0 |
_aAprendizaje _xPsicología _vManuales, etc. |
|
| 700 | 1 |
_aGaonach, Daniel, _ecoordinador |
|
| 700 | 1 |
_aGolder, Caroline, _ecoordinador |
|
| 700 | 1 |
_aBenítez, Guadalupe, _etraductor |
|
| 700 | 1 |
_aGallardo, Glenn, _etraductor |
|
| 700 | 1 |
_iTraducción de: _aGaonach, Daniel. _tManuel de psychologie pour lenseignement. |
|
| 999 |
_c67004 _d67004 |
||
| 942 |
_h370.152 _iMAN _cLI |
||